000 00546nam a2200181Ia 4500
005 20250508160005.0
008 008 250505s9999 xx 000 0 eng d
037 _aBooks to be hide in OPAC
040 _aFEDL
_beng
_cFEDL
041 _aeng
_2eng
084 _a355.954 8, GOR/O
_qFEDL
100 _aGordon J H
_9767828
245 0 _aReport on the administration of the C. and M. station of Bangalore for the year 1936-37
260 _c1938
300 _a52p.
942 _cHB
_h355.954 8, GOR/O
999 _c1360758
_d1360758